Djibouti pour les touristes... - Facile - Statistiques

Statistiques générales
  • Ce quiz a été pris 24 fois
  • Le résultat moyen est 13 sur 20
Statistiques - réponses
Question Indice Réponses Indice facile % Correct
Quelles sont les langues officielles ? Arabe A
91%
Quelles sont les langues officielles ? Français
91%
Le suffixe internet est dj
87%
Quel pays a accordé son indépendance à celui-ci ? France
83%
Ce pays est plus grand que la France (oui/non) Non
83%
Quelles sont les langues officielles ? Somali S
83%
Dans la capitale quel est le décalage horaire avec Paris ? (+ ou - et chiffre) ex - 10 + 1
78%
La religion majoritaire est Islam I
78%
Code sur les plaques minéralogiques DJI
70%
Le principal aéroport est D Djibouti
70%
Quelle est la monnaie ? Franc Djibouti F
65%
Quelles sont les principaux lieux touristiques ? L Lac {Assal} LASSA
65%
Quelles sont les principaux lieux touristiques ? N Parc de la forêt de {Day} YAD
65%
Quel est le régime du pays ? République
61%
Quelles sont les langues officielles ? Afar A
57%
Quels est le climat local ? D Désertique
52%
Achats à faire 1/ Pour le sol Natte ETNAT
52%
Quelles sont les principaux lieux touristiques ? C Place {Menelik} MELENIK
43%
Achats à faire 3/ Instrument de musique Krar RAKR
39%
Achats à faire 2/ Pour les courses ? Panier PRIANE
26%
Aucun quiz correspondant
Distribution des résultats
% des personnes avec chaque résultat
Percentile par nombre de réponses
Votre historique - résultats
Vous n’avez pas pris ce quiz